export_success — 

Batılıların kirli yüzü Struma /

Saved in:
Bibliographic Details
Main Author: Yetkin, Çetin, 1939-
Format: Book
Language:Turkish
Published: Mecidiyeköy, İstanbul : Otopsi, [2002].
Subjects:
Tags: Add Tag
No Tags, Be the first to tag this record!
LEADER 00690nam a2200229 a 4500
001 008985641-4
005 20021112134425.0
008 021112s2002 tu ab b 001|0 tur d
020 |a 9758410253 
035 0 |a ocm53360719 
050 0 0 |a DS135.R7  |b .Y48 2002 
100 1 |a Yetkin, Çetin,  |d 1939- 
245 1 0 |a Batılıların kirli yüzü Struma /  |c Çetin Yetkin. 
246 3 0 |a Struma 
260 |a Mecidiyeköy, İstanbul :  |b Otopsi,  |c [2002]. 
300 |a 245 p. :  |b ill., map ;  |c 20 cm. 
504 |a Includes bibliographical references (p. 221-230) and index 
610 2 0 |a Sṭrumah (Ship) 
650 0 |a World War, 1939-1945  |x Jews. 
752 |a Turkey  |d Istanbul. 
988 |a 20021112 
906 |0 MH